Statistiques concernant Les Easter-Eggs du MCU #2

Cliquez ici pour prendre le quiz!

Statistiques générales

  • Ce quiz a été pris 27 fois
  • Le résultat moyen est 3 sur 8

Statistiques - réponses

Explication de l'Easter-Egg (pour la culture)Film% Correct
Dans ce film, le héros se fait par moments passer malgré lui pour
un certain Donald Blake. Ce nom n'est pas anodin puisque,
dans les Comics c'est l'identité qu'il utilise sur Terre.
Thor
82%
On retrouve dans ce film l'un de nos héros préférés, avec un costume néanmoins
abîmé et en cavale. Au vu de la ressemblance du costume et du contexte, on peut
deviner que cela fait référence à l'identité de Nomad que prend le personnage pendant
une période dans les Comics.
Avengers: Infinity War
55%
Le héros est épaulé durant le film par un groupe de personnages.
Si l'équipe est ici plutôt fidèle aux Comics, le membre britannique
est néanmoins différent. Il est nommé James Montgomery Falsworth,
soit le héros Union Jack dans les Comics.
Captain America: First Avenger
41%
Le héros du film consulte son Smartphone. Parmi plusieurs icones d'applications, l'une est très surprenante : Celle-ci s'appelle Illuminatis, ce qui fait directement référence
au groupe correspondant des comics.
Iron Man 2
36%
Deux références en une. Non seulement ce film débute et termine
dans la ville d'enfance du réalisateur, Oakland, mais le film fait
également référence, par une affiche promotionnelle, a une photographie
prise dans cette même ville lors de la formation d'un parti lié au film.
Black Panther
27%
Un code est entrée afin d’ouvrier une vieille porte. En observant les touches que le
héros appuie, on obtient « 7826 ». Ces chiffres correspondent, sur un téléphone
à touches traditionnel, à « Stan », sans aucun doute une référence à Stan Lee.
Captain America: Civil War
27%
Un personnage secondaire du film, silencieux et menaçant, est nommé Dimitri Smerdyakov,
et n’est autre que le vilain Le Caméléon dans les Comics.
Spider-Man: Far From Home
27%
Lors d'un plan général, on peut observer plusieurs statues. L'une de celles-ci
représente nulle autre que Beta Ray Bill, acolyte dans les Comics du héros du film
et personnage important d'un évènement des Comics que le film adapte.
Thor : Ragnarok
23%

Distribution des résultats

Percentile par nombre de réponses

% des personnes avec chaque résultat

Votre développement - résultats

Vous n’avez pas pris ce quiz